00266nam a2200121Ia 4500100002200000250000600022366000700028245003500035260002700070082001400097300000800111546002500119 aSebesta/Robert W  a4 f25 aProgramming the World Wide Web bPearson Eduationc2008 a4.65bSEB a752 aENGLISHcelectronics